Anima vivificans verše Petra Monomana

Bibliographic Details
Main Author: Monoman, Peter (Author)
Format: Book
Language:Slovak
PhysicalDescription:22 strán 22 cm
Published: Bratislava Linografia Karol Jaroň a spol. 1935
Subjects:

MARC

LEADER 00000cam a2200000 a 4500
001 vtls008386238
003 SK-MaSNL
005 20260301102457.0
008 251001s1935 xo gr 000 p slo
015 |a SNBA19191938-007507 
020 |q (brožované) 
035 |a SK01SNKBSKHR20010078455 
035 |a SKM000080918 
040 |a SNK  |b slo  |c SNK  |e AACR2 
041 0 |a slo 
044 |a xo  |c SK 
072 7 |a 821.162.4-1  |x Slovenská poézia  |2 konspekt 
080 |a 821.162.4-1  |2 2011 
080 |a 82‑14  |2 2011 
100 1 |a Monoman, Peter  |4 aut  |9 438303 
245 1 0 |a Anima vivificans  |b verše Petra Monomana 
260 |a Bratislava  |b Linografia Karol Jaroň a spol.  |c 1935 
300 |a 22 strán  |c 22 cm 
655 7 |a lyrická poézia  |2 SNKPH  |9 70613 
655 7 |a slovenská poézia  |2 SNKPH  |9 70444 
852 |a Slovenská národná knižnica 
954 |a beletria pôvodná (slovenská)  |2 lita 
958 |a EUIPO 
958 |a RK 
958 |a TL 
958 |a LX 
958 |a OND 
999 |c 692292  |d 694222 
952 |a SNK  |b SNK  |y PREZ  |7 0  |p 17A0726883  |o snkSC 1884/1  |i snk535/36  |0 0  |1 0  |4 0  |d 2025-03-18  |l 0  |r 2025-06-11 00:00:00  |w 2026-02-23